| 000 | 00382nam a2200157Ia 4500 | ||
|---|---|---|---|
| 008 | 230312s9999||||xx |||||||||||||| ||und|| | ||
| 020 | _a0-07-821058-5 | ||
| 082 |
_a004 _bNOR-I |
||
| 100 | _aNortons Peter | ||
| 245 | 0 | _aIntroduction to Computers | |
| 260 |
_bMcGraw Hill _aNew York _c2001 |
||
| 300 | _a610 | ||
| 546 | _aEng. | ||
| 650 |
_aComputer _vAmazing Computer |
||
| 942 | _cBK | ||
| 999 |
_c3372 _d3372 |
||